Recursos no processo do trabalho

Detalles Bibliográficos
Autor principal: Cesr̀io, Joô Humberto
Formato: eBook
Lenguaje:portugués
Publicado: San Pablo: LTR, 2018
Materias:
Acceso en línea:Acceso restringido

MARC

LEADER 00000nam a22000007a 4500
005 20190901143151.0
007 cr|||| ||||
008 190901s2018 br |||||s|||| 00||0 por d
020 |a 978-85-361-9871-2 
035 |a 24725 
040 |a vLex 
090 |c 9354  |d 9354 
100 1 |a Cesr̀io, Joô Humberto 
245 1 0 |a Recursos no processo do trabalho  |h [Recurso electrn̤ico] /  |c Joô Humberto Cesr̀io 
256 |a Servicio en ln̕ea 
260 |a San Pablo:  |b LTR,  |c 2018 
300 |a 1 recurso electrn̤ico 
500 |a De acordo com as Leis ns. 13.105/2015 (CPC/2015) e 13.467/2017 (Reforma Trabalhista), bem como com a Instruȯ̂ Normativa n. 41-2018 do TST. 
506 1 |a Disponible solo en los productos indicados  |d vLex Global  |d vLex Global (Academic Edition, excluding Law Schools)  |d vLex Global (U.S. Academic Edition, Law Schools)  |d vLex Global (U.S. Academic Edition, excluding Law Schools)  |d vLex Global (Academic Edition, Law Schools) 
650 0 4 |a Derecho Laboral y Seguridad Social  |z Brasil 
650 0 4 |a Procedimiento Laboral  |z Brasil 
740 0 |a vLex Libros (Servicio en ln̕ea) 
856 4 0 |u http://vlex.com/source/recursos-processo-trabalho-24725  |z Acceso restringido 
942 |c BOOK 
999 0 |a Labor Law and Social Security 
999 0 |a Labor Procedure